Kazuya's SSBU Moveset - Statistics

General Stats
  • This quiz has been taken 3 times
  • The average score is 11 of 37
Answer Stats
Hint Answer % Correct
While in Rage ↓(B) or (R) or →↓↘ (A) (Hold) Rage Drive
100%
(A) x10 10 Hit Combo
50%
→↓↘ Crouch Dash
50%
While Crouching ↓(A) Crouch Jab
50%
While Rising (A) Demon God Fist
50%
(B) Devil Blaster
50%
↑(B) Devil Wings
50%
→↓↘ (A) (Hold) Dragon Uppercut
50%
→↓↘ + (A) Electric Wind God Fist
50%
Final Smash Final Blaster
50%
(A)(A) Pause (A) Flash Punch Combo
50%
↘↓↘(R) Gates of Hell
50%
←/→+ (A) Glorious Demon God Fist
50%
↓(B) Heavens Door
50%
→↓↘ (B) Spinning Demon to Left Hook
50%
↙(A) Stature Smash
50%
While Crouching ↘(A) Tombstone Crusher
50%
↘(A),(A) Tsunami Kick
50%
↑(A),(A) Twin Pistons
50%
→↓↘ (A) Wind God Fist
50%
While Crouching ↙(A) Crouch Spin Kick
0%
Midair ↓(A) Demon Scissors
0%
Side Taunt Demons Wrath
0%
←/→ (B) Devil Fist
0%
↑ + (A) Devil Twister
0%
←(A) Flash Tornado
0%
Midair (A) Jumping Knuckle
0%
Midair ←(A) Jumping Sobat
0%
↖(A) Jump Side Kick
0%
While Dashing (A) Leaping Sidekick
0%
→→(A) Left Splits Kick
0%
↓ + (A) Lion Slayer
0%
↓(A) Nejiri Uraken
0%
→(A) Oni Front Kick
0%
Midair ↑(A) Rising Toe Kick
0%
↗(A) x4 Roundhouse to Triple Spin Kicks
0%
Midair →(A) Searing Edge
0%
No matching quizzes found
Score Distribution
Percent of People with Each Score
Percentile by Number Answered
Your Score History
You have not taken this quiz